Lord Of The Rings Quiz - Statistics

General Stats
  • This quiz has been taken 130 times
  • The average score is 14 of 15
Answer Stats
Hint Answer % Correct
What Is The Name Of The Ring Bearer (Screams No!!!!!!!!!!!! When A Certain Character Supposedly Dies) Frodo Baggins
98%
The Name Of The Creature Who Calls The Ring My Precious. Gollum
97%
The Elf Who Orlando Bloom Plays Legolas
97%
The Dwarf Who Comes From Moria (Not The Beard!) Gimli
96%
Who Is Referred To As A Ranger? (Dark Hair And The Son Of Arathorn) Aragorn
95%
What Year Was The Fellowship Of The Ring Released In? 2001
94%
What Year Was The Return Of The King Released In? 2003
94%
Who Does Ian Mckellen Play? (A Wizard Is Never Late) Gandalf The Grey
94%
What Year Was The Two Towers Released In? 2002
93%
What Was The Above's Name Before He Was Consumed By The Ring? Smeagol
93%
Who Does Cate Blanchett Play? (Woman In White) Galadriel
92%
#7s Horse Shadowfax
92%
Who Is The Above's Best Friend? Samwise Gamgee
91%
What Is The Above's Occupation? Gardener
86%
Who Plays The Above? Andy Serkis
75%
No matching quizzes found
Score Distribution
Percent of People with Each Score
Percentile by Number Answered
Your Score History
You have not taken this quiz